000 00589nam a2200193Ia 4500
999 _c8015
_d8015
003 OSt
005 20200120100539.0
008 190216s9999||||xx |||||||||||||| ||und||
020 _a9780070153646
020 _a0070153647
040 _coclc
082 _a658.4013
_bGUP/T
100 _a Gupta, N Srinivasa
_91275
245 0 _aTotal Quality Management /
_cN Srinivasa Gupta ; B Valarmathi
250 _a2nd ed.
260 _bTata Mcgraw-Hill Education Private Limited,
_c2009.
_aNew Delhi:
300 _a212p
942 _cBK
_2ddc
_h658.4013
_iGUP/T
_k658.4013
_mGUP/T